U.S. Vice Presidents by Presidents - Statistics

General Stats
  • This quiz has been taken 34 times
  • The average score is 22 of 46
Answer Stats
President Vice President % Correct
George Washington Adams
95%
John Adams Jefferson
95%
Barack Hussein Obama II Biden
73%
George Walker Bush Cheney
73%
Joseph Robinette Biden Jr. Harris
73%
John Fitzgerald Kennedy Johnson
73%
William Jefferson Clinton Gore
68%
Donald John Trump Pence
68%
Ronald Wilson Reagan Bush
64%
James Earl Carter Jr. Mondale
64%
Dwight David Eisenhower Nixon
64%
George Herbert Walker Bush Quayle
64%
Gerald Rudolph Ford Rockefeller
59%
Richard Milhous Nixon Agnew and Ford
55%
James Abram Garfield Arthur
55%
Warren Gamaliel Harding Coolidge
55%
Zachary Taylor Fillmore
55%
Lyndon Baines Johnson Humphrey
55%
William Henry Harrison Tyler
55%
Thomas Jefferson Burr and Clinton
50%
John Quincy Adams Calhoun
45%
John Tyler Jr. None
41%
Millard Fillmore None
41%
Andrew Johnson None
41%
Chester Alan Arthur None
41%
Stephen Grover Cleveland Stevenson
41%
James Buchanan Jr. Breckenridge
36%
Andrew Jackson Calhoun and Van Buren
36%
Ulysses Simpson Grant Colfax and Wilson
36%
Herbert Clark Hoover Curtis
36%
John Calvin Coolidge Jr. Dawes
36%
Franklin Delano Roosevelt Garner, Wallace, and Truman
36%
Abraham Lincoln Hamlin and Johnson
36%
Franklin Pierce King
36%
Thomas Woodrow Wilson Marshall
36%
Harry S Truman Barkley
32%
James Madison Clinton and Gerry
32%
James Knox Polk Dallas
32%
Theodore Roosevelt Fairbanks
32%
Stephen Grover Cleveland Hendricks
32%
William McKinley Hobart and Roosevelt
32%
James Monroe Tompkins
32%
Martin Van Buren Johnson
27%
Benjamin Harrison Morton
27%
William Howard Taft Sherman
27%
Rutherford Birchard Hayes Wheeler
27%
No matching quizzes found
Score Distribution
Percent of People with Each Score
Percentile by Number Answered
Your Score History
You have not taken this quiz